Kaplan AP U.S. History 2007 Edition / (Record no. 615441)

000 -LEADER
fixed length control field 00403nam a22001457a 4500
020 ## - INTERNATIONAL STANDARD BOOK NUMBER
Qualifying information PB.
040 ## - CATALOGING SOURCE
Transcribing agency FIZZA ISHAQ
082 ## - DEWEY DECIMAL CLASSIFICATION NUMBER
Classification number 973.076
Author Mark KRI
100 ## - MAIN ENTRY--PERSONAL NAME
Personal name Dornbush , Krista
9 (RLIN) 132169
245 ## - TITLE STATEMENT
Title Kaplan AP U.S. History 2007 Edition /
Statement of responsibility, etc. Krista Dornbush.
250 ## - EDITION STATEMENT
Edition statement 2007 ED.
260 ## - PUBLICATION, DISTRIBUTION, ETC.
Place of publication, distribution, etc. NEW YORK:
Name of publisher, distributor, etc. Kaplan Publishing,
Date of publication, distribution, etc. 2007.
300 ## - PHYSICAL DESCRIPTION
Extent 414 P. ;
Dimensions 10.8 x 8.4 x 1.2 inches
942 ## - ADDED ENTRY ELEMENTS (KOHA)
Source of classification or shelving scheme
Koha item type Book
Holdings
Withdrawn status Lost status Source of classification or shelving scheme Damaged status Not for loan Permanent Location Current Location Shelving location Date acquired Total Checkouts Full call number Barcode Date last seen Price effective from Koha item type
          NUST Baluchistan Campus (NBC) NUST Baluchistan Campus (NBC) General Stacks 12/02/2025   973.076 KRI QD-329 12/02/2025 12/02/2025 Book
© 2023 Central Library, National University of Sciences and Technology. All Rights Reserved.